000 00548nam a2200169Ia 4500
008 090711s9999 xx 000 0 und d
082 _b12195
100 _aनेने विष्णु ग.
245 _aश्रीपंSाीकरण
260 _b"कर्नाटक प्रेस,"
_c1899
300 _a320
600 _aनेने विष्णु ग.
630 _aश्रीपंSाीकरण
700 _aनेने विष्णु ग.
730 _aश्रीपंSाीकरण
942 _cBOOK
999 _c282064
_d282064